[Event "IECC CL2-2021.02 email"]
[Site "IECC email"]
[Date "2022.01.03"]
[Round "?"]
[White "Laliga, Olivier"]
[Black "Van Boven, Maarten"]
[Result "1/2-1/2"]
[WhiteElo "2006"]
[BlackElo "1851"]
[PlyCount "85"]
[EventDate "2022.??.??"]
[EventType "tourn (corr)"]
[EventRounds "4"]
[SourceTitle "Corr 2024"]
[Source "ChessBase"]
[SourceDate "2023.10.19"]
[SourceVersion "1"]
[SourceVersionDate "2023.10.19"]
[SourceQuality "1"]
[WhiteTeam "Frankreich"]
[BlackTeam "Niederlande"]
[WhiteTeamCountry "FRA"]
[BlackTeamCountry "NED"]

1. e4 e6 2. d4 d5 3. Nc3 Bb4 4. e5 b6 5. h4 Qd7 6. Qg4 Bf8 7. a4 h5 8. Qd1 Ba6 9. Bxa6 Nxa6 10. Nce2 c5 11. Nf3 Nb8 12. c3 Nc6 13. 0-0 c4 14. Bf4 Nge7 15. Bg5 Ng6 16. g3 Nge7 17. Nf4 Nf5 18. Nd2 g6 19. Re1 Na5 20. Bf6 Bg7 21. Nf3 Rf8 22. Nh3 Nb3 23. Ra3 Qc7 24. Bxg7 Nxg7 25. Rxb3 cxb3 26. Qxb3 Nf5 27. Nfg5 a5 28. Nf4 0-0-0 29. Ng2 Kb7 30. Rf1 Rde8 31. Nh7 Rh8 32. Ng5 Rhf8 33. Kh2 Qc6 34. Nh7 Rh8 35. Ng5 Re7 36. Ne3 Ka6 37. Nxf5 gxf5 38. Ra1 b5 39. axb5+ Qxb5 40. Qc2 Rc8 41. Qd2 Rc4 42. Nh3 Ra4 43. Rxa4 1/2-1/2

[Event "FICGS W-ch qf2 email"]
[Site "FICGS email"]
[Date "2018.03.20"]
[Round "4"]
[White "Laliga, Olivier"]
[Black "Tsenkov, Lyubomir"]
[Result "0-1"]
[WhiteElo "2342"]
[BlackElo "2351"]
[PlyCount "22"]
[EventDate "2018.??.??"]
[EventType "match (corr)"]
[EventRounds "5"]
[SourceTitle "Corr 2022"]
[Source "ChessBase"]
[SourceDate "2021.10.24"]
[SourceVersion "1"]
[SourceVersionDate "2021.10.24"]
[SourceQuality "1"]

1. e4 c5 2. Nf3 Nc6 3. Bb5 d6 4. 0-0 Bd7 5. Re1 Nf6 6. c3 a6 7. Bc4 Bg4 8. d4 Bxf3 9. gxf3 e6 10. d5 Ne5 11. Be2 g5 0-1

[Event "FICGS class M 000015 email"]
[Site "FICGS email"]
[Date "2018.03.18"]
[Round "1"]
[White "Laliga, Olivier"]
[Black "Wosch, Arkadiusz Janusz"]
[Result "0-1"]
[WhiteElo "2342"]
[BlackElo "2303"]
[PlyCount "28"]
[EventDate "2018.??.??"]
[EventType "tourn (corr)"]
[EventRounds "1"]
[SourceTitle "Corr 2022"]
[Source "ChessBase"]
[SourceDate "2021.10.24"]
[SourceVersion "1"]
[SourceVersionDate "2021.10.24"]
[SourceQuality "1"]

1. d4 Nf6 2. c4 e6 3. Nf3 d5 4. Nc3 c6 5. e3 Nbd7 6. Qc2 Bd6 7. b3 0-0 8. Be2 b6 9. 0-0 Bb7 10. Bb2 Qe7 11. Rfe1 c5 12. cxd5 exd5 13. Nb5 Bb8 14. g3 a6 0-1